000 00594cam a2200193 4500500
005 20260329002724.0
041 _afre
042 _adc
100 1 0 _aLacroix, Alexandre
_eauthor
245 0 0 _aNaissance d’une extrême droite postmoderne
260 _c2013.
500 _a35
690 _aFront National
690 _aMarine Le Pen
690 _aPostmodernisme
690 _aSyncrétisme
786 0 _nPhilosophie magazine | 70 | 6 | 2013-06-01 | p. 3-3 | 1951-1787
856 4 1 _uhttps://shs.cairn.info/magazine-philosophie-magazine-2013-6-page-3?lang=fr&redirect-ssocas=7080
999 _c1817752
_d1817752